<?xml version="1.0" encoding="UTF-8"?>
<record
    xmlns:xsi="http://www.w3.org/2001/XMLSchema-instance"
    xsi:schemaLocation="http://www.loc.gov/MARC21/slim http://www.loc.gov/standards/marcxml/schema/MARC21slim.xsd"
    xmlns="http://www.loc.gov/MARC21/slim">

  <leader>00874nam a22001817a 4500</leader>
  <controlfield tag="003">OSt</controlfield>
  <controlfield tag="005">20251212085932.0</controlfield>
  <controlfield tag="008">251212b        |||||||| |||| 00| 0 eng d</controlfield>
  <datafield tag="040" ind1=" " ind2=" ">
    <subfield code="c">DCL</subfield>
  </datafield>
  <datafield tag="082" ind1=" " ind2=" ">
    <subfield code="a">&#x1042;&#x1049;&#x1044;.&#x1043;&#x1048;&#x1042;&#x1043;</subfield>
  </datafield>
  <datafield tag="245" ind1="0" ind2="0">
    <subfield code="a">&#x101C;&#x1000;&#x103A;&#x200C;&#x101B;&#x103D;&#x1031;&#x1038;&#x1005;&#x1004;&#x103A;&#x101E;&#x102F;&#x1010;&#x103A;&#x1019;&#x103B;&#x102C;&#x1038;&#x1021;&#x1010;&#x103D;&#x1032;(&#x1043;) = The Selected Suttas, Volume III</subfield>
  </datafield>
  <datafield tag="264" ind1=" " ind2=" ">
    <subfield code="a">&#x1005;&#x1005;&#x103A;&#x1000;&#x102D;&#x102F;&#x1004;&#x103A;&#x1038; &#x104A;</subfield>
    <subfield code="b">&#x101E;&#x102E;&#x1010;&#x1002;&#x1030;&#x1000;&#x1019;&#x1039;&#x1018;&#x102C;&#x1037;&#x1017;&#x102F;&#x1012;&#x1039;&#x1013;&#x1010;&#x1000;&#x1039;&#x1000;&#x101E;&#x102D;&#x102F;&#x101C;&#x103A;&#x104A;</subfield>
    <subfield code="c">&#x1042;&#x1040;&#x1040;&#x1046;&#x104B;</subfield>
  </datafield>
  <datafield tag="300" ind1=" " ind2=" ">
    <subfield code="a">XII, &#x1042;&#x1048;&#x1041; &#x1005;&#x102C;&#x1019;&#x103B;&#x1000;&#x103A;&#x1014;&#x103E;&#x102C; &#x104A;</subfield>
    <subfield code="c">&#x1042;&#x1043; &#x1005;&#x1004;&#x103A;&#x1010;&#x102E;&#x104B;</subfield>
  </datafield>
  <datafield tag="490" ind1=" " ind2=" ">
    <subfield code="a">&#x101E;&#x102E;&#x1010;&#x1002;&#x1030;&#x1005;&#x102C;&#x1005;&#x1009;&#x103A;</subfield>
    <subfield code="v">&#x1041;&#x1041;&#x1047;</subfield>
  </datafield>
  <datafield tag="500" ind1=" " ind2=" ">
    <subfield code="a">&#x1019;&#x103C;&#x1014;&#x103A;&#x1019;&#x102C;-&#x1021;&#x1004;&#x103A;&#x1039;&#x1002;&#x101C;&#x102D;&#x1015;&#x103A; &#x1014;&#x103E;&#x1005;&#x103A;&#x1018;&#x102C;&#x101E;&#x102C;&#x1015;&#x102B;&#x101D;&#x1004;&#x103A;&#x101E;&#x100A;&#x103A;&#x104B;</subfield>
  </datafield>
  <datafield tag="650" ind1=" " ind2=" ">
    <subfield code="a">&#x101E;&#x102F;&#x1010;&#x103A;&#x1010;&#x101B;&#x102C;&#x1038;&#x1010;&#x1031;&#x102C;&#x103A;&#x1019;&#x103B;&#x102C;&#x1038;&#x104B;</subfield>
  </datafield>
  <datafield tag="942" ind1=" " ind2=" ">
    <subfield code="2">ddc</subfield>
    <subfield code="c">SHORT TERM</subfield>
    <subfield code="n">0</subfield>
  </datafield>
  <datafield tag="952" ind1=" " ind2=" ">
    <subfield code="0">0</subfield>
    <subfield code="1">0</subfield>
    <subfield code="2">ddc</subfield>
    <subfield code="4">0</subfield>
    <subfield code="7">0</subfield>
    <subfield code="8">M</subfield>
    <subfield code="a">DHAM</subfield>
    <subfield code="b">DHAM</subfield>
    <subfield code="c">MMBS</subfield>
    <subfield code="d">2025-12-12</subfield>
    <subfield code="l">0</subfield>
    <subfield code="o">&#x1042;&#x1049;&#x1044;.&#x1043;&#x1048;&#x1042;&#x1043; &#x101C;&#x1000;&#x103A; &#x1043;&#x1044;&#x1048;&#x1047;</subfield>
    <subfield code="p">MB00003487</subfield>
    <subfield code="r">2025-12-12 08:56:14</subfield>
    <subfield code="w">2025-12-12</subfield>
    <subfield code="y">SHORT TERM</subfield>
    <subfield code="A">&#x1043;&#x1044;&#x1048;&#x1047;</subfield>
  </datafield>
  <datafield tag="999" ind1=" " ind2=" ">
    <subfield code="c">2690</subfield>
    <subfield code="d">2690</subfield>
  </datafield>
</record>
